[Event "Dos Hermanas"]
[Site "Dos Hermanas"]
[Date "1993.??.??"]
[Round "6"]
[White "Epishin, Vladimir"]
[Black "Polgar, Judit"]
[Result "0-1"]
[WhiteElo "2620"]
[BlackElo "2595"]
[Annotator "Knaak,R"]
[PlyCount "78"]
[EventDate "1993.04.??"]
[EventType "tourn"]
[EventRounds "9"]
[EventCountry "ESP"]
[EventCategory "14"]
[Source "ChessBase"]
[SourceDate "1993.10.01"]

1. d4 Nf6 2. c4 g6 3. Nc3 Bg7 4. e4 d6 5. Nf3 O-O 6. Be2 e5 7. O-O Nc6 8. d5
Ne7 9. Nd2 a5 10. Rb1 Nd7 11. a3 f5 12. b4 Kh8 13. f3 Ng8 14. Qc2 Ngf6 15. Bd3
f4 16. Nb5 (16. Be2 $1) 16... b6 17. Bb2 Ne8 18. Be2 h5 $1 19. Rfc1 (19. c5 $5)
19... g5 20. c5 bxc5 21. bxc5 Nxc5 22. a4 g4 $1 (22... Rf7 $2 23. Ba3 Bf8 24.
Bxc5 dxc5 25. Nb3 $14) 23. Ba3 Na6 24. Qc3 (24. Nc4 $5) 24... Rg8 $15 25. Nf1
$2 (25. Qxa5) 25... g3 26. hxg3 (26. h3 Qh4 27. Rc2 Bxh3 28. gxh3 Qxh3 $17 (
28... g2 29. Nh2 Bf6 30. Bd3 Qxh3 31. Qb2 Bh4 32. Rxg2 Nf6 33. Bf1 $13)) (26.
Qxa5 gxh2+ 27. Kh1 Bh6 $17) 26... Bh6 $1 $17 27. Rc2 (27. gxf4 Bh3 $1 (27...
Bxf4 28. Rc2 Rxg2+ $6 29. Kxg2 Qg5+ $10 30. Kh1 Qh4+ 31. Kg1 Bh3 $6 32. Bc4 Nf6
33. Rbb2 $16) 28. Ne3 Bxf4 29. Bf1 Qg5 30. Re1 Qg3 $17) 27... fxg3 28. Bc1 Bxc1
29. Rbxc1 Qf6 30. Qe3 Bd7 31. Nc3 Nb4 32. Rd2 h4 33. Bb5 Rd8 $1 $19 34. Qa7
Bxb5 35. Nxb5 h3 36. Rc3 Rd7 37. Qxa5 Rh7 38. Ne3 Qh6 39. gxh3 Qxh3 0-1

[Event "Biel Interzonal"]
[Site "Biel"]
[Date "1993.??.??"]
[Round "4"]
[White "Piket, Jeroen"]
[Black "Polgar, Judit"]
[Result "1/2-1/2"]
[WhiteElo "2590"]
[BlackElo "2630"]
[Annotator "Ftacnik,L"]
[PlyCount "69"]
[EventDate "1993.07.??"]
[EventType "swiss"]
[EventRounds "13"]
[EventCountry "SUI"]
[Source "ChessBase"]
[SourceDate "1993.12.01"]

1. d4 {Kortschnoj} Nf6 2. Nf3 g6 3. c4 Bg7 4. Nc3 O-O 5. e4 d6 6. Be2 e5 7. O-O
Na6 8. Be3 Ng4 9. Bg5 Qe8 10. dxe5 dxe5 11. h3 h6 12. Bd2 Nf6 13. Be3 Nd7 (
13... Nh5 $1) (13... c6 14. a3 Qe7 15. b4 Nh5 16. c5 Rd8 17. Qc1 Nf4 18. Bxf4
exf4 19. e5 g5 {Hjartarson,J-Apicella/Reykjavik tt/1993/} 20. Re1 $1 $16) 14.
a3 Nac5 $6 (14... f5 {Piket,J-Smirin,I/Biel izt/1993/}) 15. Nb5 $1 (15. b4 Ne6
16. c5 c6 17. Bc4 Qe7 18. Qd2 Kh7 19. Rad1 $14 {Polgar,Zsu-Kindermann,S/Munich/
1991/}) 15... Ne6 $2 (15... Qd8 16. Qc2 $1 (16. Bxc5 $6 Nxc5 17. Qxd8 Rxd8 18.
Nxc7 Rb8 $44) (16. Qc2 {Kortschnoj} a6 17. Nc3 Ne6 18. Qd2 $14)) 16. Nxa7 $1
Rxa7 17. Bxa7 b6 18. a4 Bb7 19. a5 f5 $1 (19... Bxe4 20. axb6 cxb6 21. c5 bxc5
22. Bb5 Nd4 23. Nxd4 cxd4 24. Bc5 $16) 20. axb6 $6 (20. c5 $1 {Piket,J}) 20...
cxb6 (20... c5 $1 $44) 21. c5 $1 fxe4 22. Bb5 Nexc5 23. Ne1 $6 (23. Nh2 Qf7 24.
Ng4 Kh7 25. Ra3 $16) 23... Qf7 24. Ra3 Bd5 25. b4 $2 (25. Nc2 Bb3 26. Qe2 Kh7
27. Ne3) 25... Nb3 26. Bxd7 Nd4 $1 27. Bxb6 Bc4 $1 (27... Qxd7 28. Ra7 Qb5 29.
Bxd4 exd4 30. Rxg7+ Kxg7 31. Qxd4+ $16) 28. Bxd4 exd4 29. Qg4 $138 e3 $1 (29...
h5 30. Qxe4 Qxd7 31. Qxg6) 30. Nd3 h5 31. Qe4 Bd5 32. Qh4 Qxd7 33. fxe3 Rxf1+
34. Kxf1 dxe3 35. Qf4 1/2-1/2

[Event "Biel Interzonal"]
[Site "Biel"]
[Date "1993.??.??"]
[Round "10"]
[White "Polgar, Judit"]
[Black "Rogers, Ian"]
[Result "1-0"]
[WhiteElo "2630"]
[BlackElo "2595"]
[Annotator "Polgar,J"]
[PlyCount "83"]
[EventDate "1993.07.??"]
[EventType "swiss"]
[EventRounds "13"]
[EventCountry "SUI"]
[Source "ChessBase"]
[SourceDate "1993.12.01"]

1. e4 c6 2. d4 d5 3. Nc3 dxe4 4. Nxe4 Bf5 5. Ng3 Bg6 6. Nf3 Nd7 7. Be2 e6 8.
O-O Bd6 9. b3 $5 (9. Re1) 9... Ngf6 10. Bb2 Qc7 11. c4 O-O 12. Nh4 Rfe8 13.
Nxg6 hxg6 14. Qc2 Rad8 (14... e5 $5 15. c5 Bf8 16. Bc4 Nd5) 15. Rad1 b6 (15...
e5 $5) 16. c5 Bf4 (16... bxc5 17. dxc5 Be5 $1 (17... Bxc5 18. Bxf6 gxf6 19.
Rxd7) (17... Nxc5 18. Rxd6 Qxd6 19. Ba3 Nfd7 20. Ne4)) 17. cxb6 Nxb6 18. Rfe1
Nbd5 19. Nf1 Nb4 $6 (19... Rb8 $5) 20. Qc4 Qb7 21. g3 (21. d5 $2 Nbxd5 22. Bxf6
gxf6 23. Rxd5 Bxh2+ 24. Nxh2 cxd5 25. Qf4 Qe7) 21... Bd6 22. Bf3 Rc8 23. a3
Nbd5 24. Nd2 Red8 25. Qd3 (25. h4 $5) 25... Ne7 26. Nc4 Bc7 (26... Nf5 $5) 27.
Qc2 Nfd5 28. b4 (28. h4 $1) 28... Rb8 29. Bc1 Nf5 30. Bg5 Rdc8 31. Kg2 a5 32.
Nxa5 Bxa5 33. bxa5 Qb3 (33... Qa7 $1) 34. Qd2 Ra8 35. h4 Qa4 36. h5 gxh5 37.
Bxh5 Qxa5 38. Qe2 Qc7 (38... Nc3 39. Bxf7+ Kxf7 40. Qxe6+ Kf8 41. Re5) 39. Rd3
Ra4 40. Rh1 Rxd4 $2 (40... Nxd4 41. Qe4 c5 42. Qh7+ $1 $18) (40... Qd6 $1 41.
Qe4 $16) 41. Bg6 $1 Rxd3 42. Bh7+ (42. Bh7+ Kf8 43. Bxf5) 1-0

[Event "Biel Interzonal"]
[Site "Biel"]
[Date "1993.??.??"]
[Round "12"]
[White "Polgar, Judit"]
[Black "Barua, Dibyendu"]
[Result "1-0"]
[WhiteElo "2630"]
[BlackElo "2510"]
[Annotator "Schussler"]
[PlyCount "81"]
[EventDate "1993.07.??"]
[EventType "swiss"]
[EventRounds "13"]
[EventCountry "SUI"]
[Source "ChessBase"]
[SourceDate "1993.12.01"]

1. e4 e5 2. f4 exf4 3. Bc4 Ne7 (3... Nf6 $1 4. Nc3 c6 5. d4 d5 6. exd5 cxd5 7.
Bb5+ Bd7 8. Bxf4 Bb4 9. Bxd7+ Nbxd7 $10 {Bezold,M-Almasi,Z,Altensteig 1993}) 4.
Nc3 Ng6 5. Nf3 Nc6 $5 {Usual is 5. - c6} 6. d4 Bb4 7. Bd2 d6 8. a3 Ba5 9. Nd5
$1 $14 Bxd2+ 10. Qxd2 Be6 11. O-O-O Nce7 12. h4 $1 c6 13. Nxe7 Qxe7 14. Bxe6
Qxe6 15. h5 Ne7 16. Qxf4 Qh6 $1 {16. - h6 +/-} 17. Qxh6 gxh6 18. Rh4 Rg8 19.
Rd2 Rg7 20. Rf4 Kd7 21. Nh2 f5 $6 22. exf5 Nd5 23. Re4 Nf6 24. Re6 Rf8 25. g4
Rff7 26. d5 $1 c5 27. Rxf6 $1 Rxf6 28. Re2 Re7 29. Re6 $18 Rf8 30. Kd2 Rxe6 31.
dxe6+ Ke7 32. Ke3 Kf6 33. Kf4 b5 34. Nf3 Rg8 35. Nd2 Ke7 36. Nf1 d5 $6 37. Nd2
$1 Kd6 38. Nf3 d4 39. Nd2 c4 40. Ne4+ Ke7 41. Ke5 1-0

[Event "Groningen PCA"]
[Site "Groningen"]
[Date "1993.??.??"]
[Round "8"]
[White "Ruban, Vadim"]
[Black "Polgar, Judit"]
[Result "0-1"]
[WhiteElo "2590"]
[BlackElo "2630"]
[Annotator "Belov"]
[PlyCount "58"]
[EventDate "1993.12.??"]
[EventType "swiss"]
[EventRounds "11"]
[EventCountry "NED"]
[Source "ChessBase"]
[SourceDate "1994.04.01"]

1. d4 Nf6 2. Nf3 g6 3. c4 Bg7 4. Nc3 O-O 5. Bg5 d6 6. e3 Nbd7 (6... c5 $5 7.
Be2 cxd4 8. exd4 (8. Nxd4 $10) 8... h6 9. Bf4 Bf5 10. O-O Ne4 11. Nxe4 Bxe4 12.
Qd2 g5 13. Be3 e6 $1 $15 {Smyslov,V-Epishin,V/Rostov/1993/0:1 (50) Inf 57/543/}
) 7. Be2 e5 8. O-O (8. dxe5 dxe5 9. Qc2 c6 10. O-O Qe7 11. Nd2 h6 12. Bh4 g5
13. Bg3 Ne8 $5 14. Bg4 (14. Rab1 f5 15. f3 b6 16. b4 Bb7 17. c5 bxc5 18. bxc5
Nxc5 19. Nb3 Bc8 20. Na5 Ne6 21. Na4 c5 $13 {Lechtynsky,J-Shirov,A/BRD/1992/0:
1 (40)/}) 14... Nd6 15. e4 f5 $1 16. Bxf5 Nxf5 17. exf5 Nc5 18. Nde4 Bxf5 $10 {
Burlov,V-Belov,I/Moscow/1987/0:1 (38)/}) 8... h6 (8... Re8 9. Qc2 c6 10. Rfd1
Qe7 11. Ne4 $1 $14 {Bisguier,A-Biyiasas,J/USA/1978/ Inf 25/704/}) 9. Bh4 g5 10.
Bg3 Nh5 $10 11. dxe5 Nxg3 (11... dxe5 $6 12. Bxe5 $1 Nxe5 13. Nxe5 Bxe5 14.
Bxh5 $16) 12. hxg3 dxe5 13. Qc2 (13. e4 c6 (13... Nc5 14. b4 Ne6 15. c5 Nd4 $13
) 14. b4 Qe7 15. c5 Rd8 16. Nd2 Nf8 17. Qc2 Ne6 $15) 13... f5 14. Rad1 $6 (14.
b4 $5 c6 15. c5 {/\Nf3-d2-c4/}) 14... c6 15. Nd2 h5 $5 (15... Qe7 16. a3 a5 $15
) 16. e4 (16. Bxh5 $2 g4 17. e4 Qg5 $19) 16... f4 17. gxf4 (17. Bxh5 Nf6 18.
Be2 fxg3 19. fxg3 Qb6+ 20. Kh1 Bg4 $17) 17... gxf4 18. Bxh5 (18. b4 $5 Nf6 (
18... h4 19. Bg4) 19. c5 Qe7 20. Nc4 h4 $15) 18... Qh4 19. Bf3 $6 (19. Be2 $5
Rf6 (19... Nf6 20. Nf3 Qh5 21. c5 $13) 20. Nf3 Qh8 $8 {/\Rh6 /}) 19... Nf6 (
19... Rf6 20. Rfe1 Rh6 21. Kf1) 20. Qb3 $6 (20. c5 $5) 20... Kh8 21. Rfe1 Ng4
$1 22. Bxg4 Bxg4 23. f3 (23. Nf3 $2 Bxf3 24. gxf3 Qh3 $1 $19) 23... Rad8 $1 24.
Nf1 $6 (24. fxg4 Rxd2 25. Rxd2 Qxe1+ $19) (24. Qc2 $5 Be6 $17) 24... Bxf3 $1
25. gxf3 Rg8 $19 26. Nh2 (26. Rxd8 Bf8+) 26... Bf8+ 27. Kh1 Bc5 28. Re2 (28.
Qc2 Rd7 29. Rf1 Rdg7 30. Na4 Qh3 31. Nxc5 Rg2 $19) 28... Rd7 $1 29. Na4 Bf2 $1
(29... Bf2 30. Qc2 Qxh2+ $1 31. Kxh2 Rh7#) 0-1

[Event "Amber-blindfold 03rd"]
[Site "Monte Carlo"]
[Date "1994.04.01"]
[Round "6"]
[White "Ljubojevic, Ljubomir"]
[Black "Polgar, Judit"]
[Result "0-1"]
[WhiteElo "2600"]
[BlackElo "2630"]
[Annotator "Polgar,J"]
[PlyCount "212"]
[EventDate "1994.03.26"]
[EventType "tourn (rapid)"]
[EventRounds "11"]
[EventCountry "MNC"]
[EventCategory "16"]
[Source "ChessBase"]
[SourceDate "1994.06.01"]

1. e4 c5 2. c3 d6 3. d4 Nf6 4. Bd3 g6 5. h3 Bg7 6. Nf3 O-O 7. O-O Qc7 8. Qe2 (
8. Re1 Rd8 9. Qe2 a6 10. Bf4 b5 $13 {Karpov-Polgar J.,Monte Carlo 1994.}) 8...
a6 9. Bf4 b5 10. e5 (10. a4 Bb7 11. Nbd2 $14) 10... Nd5 11. Bg3 Qb6 12. Nbd2 (
12. dxc5 Qxc5 $2 (12... dxc5 13. Nbd2 Bb7 14. h4 $132) 13. exd6 exd6 14. Nbd2
$16) 12... cxd4 $1 13. cxd4 (13. Nxd4 dxe5 14. Bxe5 Bxe5 15. Qxe5 Bb7 $10)
13... Nb4 14. Be4 (14. Bb1 N8c6 15. exd6 (15. a3 Nd5 16. Be4 Be6 $13 (16...
Nxd4 $2 17. Nxd4 Qxd4 18. Nb3 $18)) 15... exd6 16. Bxd6 $2 Nxd4 17. Nxd4 Qxd6)
14... d5 15. Bb1 a5 16. Nb3 $2 (16. Qe3 $1 {plan Bf4-h6 or h3-h4-h5.}) 16... a4
17. Nc5 N8c6 18. Qe3 (18. a3 $2 Nxd4 19. Nxd4 Qxc5 $19) (18. Qd2 $1) 18... Na5
19. Bf4 $2 (19. b3 $1 axb3 20. axb3 Nc4 $6 21. Qc3 Na3 22. Qb2) 19... Nc4 $17
20. Qc3 Nc6 21. a3 f6 $1 22. exf6 (22. Nd3 $2 Nxd4 $1) 22... Rxf6 23. Bg5 Rf7
24. Be3 Rxf3 $1 25. gxf3 e5 26. dxe5 Bxe5 (26... N4xe5 $1) 27. Nd3 d4 28. Nxe5
(28. Ba2 $5 Kg7 $2 (28... Be6 $1 29. Bxc4 bxc4 30. Nxe5 Nxe5 31. Bxd4 Qxd4 $1
32. Qxd4 Nxf3+ $19) 29. Bxc4 bxc4 30. Nxe5 Nxe5 31. Bxd4 $18) 28... N4xe5 (
28... N6xe5 $2 29. Be4 $1 Nxe3 30. Qb4 Nxf1 31. Bxa8) 29. Ba2+ Kg7 30. Bd5 Ra6
$1 (30... Nc4 31. Bxc6 Nxe3 32. Qb4 $1) 31. f4 Nc4 32. Bxc6 dxc3 33. Bxb6 Rxb6
34. Bxb5 (34. Bd5 cxb2 35. Rab1 Bf5 $19) (34. Be4 cxb2 35. Rab1 Nd2 36. Rxb2
Nxe4 $19) 34... Rxb5 35. bxc3 Bxh3 (35... Rb3 $5) 36. Rfd1 Rb3 37. Rd4 Rxc3 $19
38. Rad1 Bf5 39. Re1 Nb2 $2 (39... Kf7 $1) 40. Re3 Rxe3 41. fxe3 Be6 42. e4 Bb3
43. Rd7+ Kf6 44. Rxh7 Nc4 45. e5+ Ke6 46. Rg7 Bc2 47. Rc7 Nxa3 48. Rc3 Bb3 49.
Rc6+ Kf7 50. Rc7+ Kf8 51. Rc6 Kg7 $2 (51... Nc2 $1 $19) 52. Rc7+ Kh6 53. Rc6
Kg7 54. Rc7+ Kf8 55. Rc6 Bf7 $2 (55... Nc2 $1) 56. Ra6 Be8 57. Ra7 Nc2 58. Kf2
a3 59. Ke2 Nd4+ 60. Kd2 $6 (60. Kd3 $1 Nb5 61. Ra6 Ke7 (61... Bf7 $2 62. e6 Be8
63. Ke4 $1) 62. Kc4 (62. e6 Kf6 63. Ke3) 62... a2 63. Kc5 Nc7 64. Rxa2 Ne6+ 65.
Kd5 Nxf4+ 66. Ke4) 60... Nb5 61. Ra6 Ke7 62. e6 Nd6 63. Kc2 Nc4 64. Kc3 Bb5 65.
Ra7+ Kxe6 66. Kb4 Nd6 67. Rxa3 Be8 68. Ra5 $2 (68. Kc5 Ne4+ 69. Kd4 Kf5 70. Re3
$10) 68... Nb5 $1 69. Kc5 Kf5 70. Ra8 Nc7 71. Rc8 Ne6+ 72. Kd6 Ba4 73. Ra8 Bd1
74. Ra5+ Kf6 75. Ra1 Be2 (75... Bg4 76. Ra4 Kf5 $19) 76. Ra4 Bd1 77. Re4 Ng7
78. Re1 Bf3 79. Rf1 Be4 80. Re1 Kf5 81. Ke7 Nh5 82. Rg1 Nxf4 83. Rxg6 Nxg6+ 84.
Kd6 Kf6 85. Kc5 Ke5 86. Kc4 Bd5+ 87. Kd3 Nf4+ 88. Ke3 Be4 89. Kd2 Kd4 90. Kc1
Kc3 91. Kd1 Bc2+ 92. Ke1 Kd3 93. Kf2 Ke4 94. Kg3 Bd1 95. Kf2 Nd3+ 96. Kg3 Ke3
97. Kh4 Kf4 98. Kh3 Ne1 99. Kh4 Ng2+ 100. Kh3 Kf3 101. Kh2 Kf2 102. Kh3 Be2
103. Kh2 Bg4 104. Kh1 Ne3 105. Kh2 Nf1+ 106. Kh1 Bf3# 0-1

[Event "Dos Hermanas"]
[Site "Dos Hermanas"]
[Date "1994.??.??"]
[Round "3"]
[White "Lautier, Joel"]
[Black "Polgar, Judit"]
[Result "1/2-1/2"]
[WhiteElo "2625"]
[BlackElo "2630"]
[PlyCount "94"]
[EventDate "1994.04.??"]
[EventType "tourn"]
[EventRounds "9"]
[EventCountry "ESP"]
[EventCategory "16"]
[Source "ChessBase"]
[SourceDate "1994.08.01"]

1. e4 c5 2. c3 d6 3. d4 Nf6 4. Bd3 g6 (4... cxd4 5. cxd4 g6) 5. dxc5 dxc5 6. e5
Nd5 7. Be4 Nb6 8. Qxd8+ Kxd8 9. Na3 Nc6 10. Nf3 Bf5 11. Bxf5 gxf5 12. e6 fxe6
13. Be3 Rg8 14. Ng5 Rg6 15. h4 h5 16. O-O-O+ Ke8 17. Bxc5 e5 18. Kb1 Bh6 19. g3
Nd7 20. Nb5 Rc8 21. Bxa7 Nxa7 22. Nxa7 Rc5 23. Rd2 Bxg5 24. hxg5 Rxg5 25. Rhd1
Nf6 26. Rd8+ Kf7 27. Rb8 h4 28. gxh4 Rg2 29. f3 Rg3 30. Rxb7 Rxf3 31. Nb5 e4
32. a4 e3 33. Re1 Re5 34. Nd4 Rf2 35. a5 e2 36. Kc2 Rxa5 37. Nc6 (37. Rxe2)
37... Ra6 38. Rxe7+ Kf8 39. Re6 Ne4 40. Nd4 Rxe6 41. Nxe6+ Kf7 42. Nd4 Ng3 43.
Kd3 Rf1 44. Kd2 f4 45. Nxe2 Ne4+ 46. Kd1 Nf2+ 47. Kd2 Ne4+ 1/2-1/2

[Event "Veterans-Women"]
[Site "Monte Carlo"]
[Date "1994.??.??"]
[Round "4"]
[White "Larsen, Bent"]
[Black "Polgar, Judit"]
[Result "0-1"]
[WhiteElo "2560"]
[BlackElo "2630"]
[Annotator "Dautov"]
[PlyCount "76"]
[EventDate "1994.06.??"]
[EventType "schev"]
[EventRounds "6"]
[EventCountry "MNC"]
[Source "ChessBase"]
[SourceDate "1994.10.01"]

1. g3 Nf6 2. Bg2 g6 3. d4 Bg7 4. Nf3 O-O 5. O-O d6 6. c4 Nbd7 7. Nc3 e5 8. e4
c6 9. h3 Qb6 10. Re1 exd4 11. Nxd4 Ng4 12. hxg4 $6 (12. Nce2 $1 Nge5 (12...
Nxf2 $6 13. Kxf2 Ne5 14. b3 (14. Qb3 f5 15. exf5 Qxb3 16. axb3 Nd3+ 17. Kf1
Bxf5 18. Rd1 Bxd4 19. Nxd4 Bg4+ 20. Bf4 Bxd1 21. Rxd1 Nxf4 22. gxf4 Rxf4+ 23.
Kg1 Re8 $15 {Diaz-Garcia,G/Candas op/1992}) 14... f5 15. Kg1 fxe4 16. Be3 Nf3+
17. Bxf3 exf3 18. Nf4 $16) 13. b3 Nc5 14. Be3 a5 15. Rb1 Re8 16. Nc3 Qc7 17.
Re2 Ned7 18. Qc2 Nf6 19. Rd1 Bd7 20. Red2 Qc8 21. g4 h5 22. g5 Nh7 23. h4 Bh3
24. f3 $14 {Vasiljev-Ibragimov/Ufa/1993}) 12... Bxd4 13. Qd2 (13. Be3 Bxe3 14.
Rxe3 Ne5 $17) (13. Re2 {/\Na4} Bg7 (13... Bxc3 14. bxc3 Ne5 15. Qxd6 Nxc4 (
15... Bxg4 $6 16. Bh6 $1 {/\Qf6}) 16. Qf6 Qd8 17. g5 Qd1+ 18. Bf1 $13 {/\Be3})
14. Qxd6 Ne5 15. c5 (15. Be3 Qa6 16. b3 Bxg4 $17) 15... Qa5 $15 {/\Bg4,/\Rd8})
13... Bg7 14. b3 (14. Qxd6 Ne5 $36) 14... Ne5 15. g5 f6 $1 16. gxf6 (16. Qxd6
fxg5 17. Be3 Qa5 18. Rac1 (18. b4 Qa3 19. Bd4 Nf7 20. Qc5 b6 $17) 18... Bg4 19.
b4 Qa3 20. Bxg5 Nf7 21. Nb1 Qb2 $17) 16... Rxf6 17. Bb2 (17. Re2 Nf3+ 18. Bxf3
Rxf3 $17) 17... Nd3 $1 $17 18. Nd5 (18. Re2 Nxb2 (18... Rxf2 $6 19. Rxf2 Nxf2
20. Na4 Nxe4+ (20... Nh3+ $2 21. Kh2 Qf2 22. Qxd6 Bxb2 23. Rf1 $16) 21. Nxb6
Nxd2 22. Bxg7 axb6 23. Bc3 Nxc4 24. bxc4 Be6 $10) 19. Qxb2 Bg4 20. Rd2 Raf8 $17
{/\Bf3}) (18. Rf1 Nxb2 19. Qxb2 Bg4 $17) 18... Rxf2 19. Qxd3 cxd5 20. Qxd5+
Rf7+ 21. c5 dxc5 22. Bxg7 Be6 $1 23. Qe5 Rxg7 24. Rad1 Re7 25. Rf1 Rae8 26. Rd6
Qc7 27. Qf4 c4 $1 28. e5 $2 (28. bxc4 Bxc4 $17 {/\b5}) 28... cxb3 29. axb3 Bxb3
$19 30. Rf6 Qxe5 31. Qh4 Qc5+ 32. Kh2 Re5 33. g4 Re2 34. R1f2 Qe5+ 35. Kg1 Rxf2
36. Rxf2 Bd5 37. Bf1 Qd4 38. Qh6 Qxg4+ 0-1

[Event "Buenos Aires Sicilian"]
[Site "Buenos Aires"]
[Date "1994.10.26"]
[Round "11"]
[White "Polgar, Judit"]
[Black "Ljubojevic, Ljubomir"]
[Result "0-1"]
[WhiteElo "2630"]
[BlackElo "2580"]
[Annotator "Ribli"]
[PlyCount "102"]
[EventDate "1994.10.12"]
[EventType "tourn"]
[EventRounds "14"]
[EventCountry "ARG"]
[EventCategory "18"]
[Source "ChessBase"]
[SourceDate "1995.02.01"]

1. e4 c5 2. Nf3 e6 3. d4 cxd4 4. Nxd4 Nc6 5. Nc3 Qc7 6. Be3 a6 7. Bd3 Nf6 8.
O-O b5 9. Qe2 (9. Nxc6 Qxc6 10. a3 Bb7 11. Qe2 Be7 12. f4 O-O $10 {Khalifman,
A-Salov,V/Wijk cm/1994/CBM39/INF59,208/}) (9. Nb3 $5) 9... Bb7 10. a3 Be7 11.
f4 d6 12. Nf3 O-O 13. Rae1 (13. h3 $13 {Romanishin,O-Balashov,Y/USSR ch/1979/
INF28,357/}) 13... b4 14. Nd1 (14. Na4 bxa3 15. bxa3 d5 16. e5 Ne4 $13) 14...
bxa3 15. bxa3 e5 $1 $13 16. Nf2 (16. f5 d5 $15) 16... exf4 17. Bxf4 Ne5 18.
Nxe5 dxe5 19. Bg5 h6 (19... Bc8 20. Bc4 Be6 $13) 20. Bxf6 Bxf6 21. Ng4 Be7 22.
Bc4 Bc8 23. Bd5 Ra7 24. a4 Qc3 $5 25. Ne3 Rc7 26. Kh1 a5 27. Bb3 Be6 28. Nd5 $2
(28. Nf5 $5 Kh8 $13) 28... Bxd5 29. Bxd5 (29. exd5 Bd6 $15) 29... Qxc2 30. Qh5
(30. Qxc2 Rxc2 31. Rb1 $15) 30... Bg5 31. Rf3 Kh8 $1 32. Ref1 (32. Rxf7 $2
Rcxf7 33. Bxf7 Qf2 $19) (32. Bxf7 $5 Qxe4 $15) 32... Qe2 $1 33. h4 Bf4 34. Qg4
(34. g3 $2 Bxg3 $19) 34... Rc2 35. h5 Rd2 36. Rxf4 exf4 37. Qxe2 Rxe2 38. Rxf4
f6 39. Rf3 Rc8 40. Rb3 Ra2 41. Rb7 Rxa4 42. Ra7 Rd8 43. Bf7 Rxe4 44. Rxa5 Re7
45. Bg6 Kg8 46. Kh2 Kf8 47. Kg3 Rc7 48. Bb1 Rd4 49. Ra8+ Ke7 50. Rg8 Rc3+ 51.
Kf2 Rd2+ 0-1

[Event "Moscow ol (Men)"]
[Site "Moscow"]
[Date "1994.12.04"]
[Round "4.1"]
[White "Illescas Cordoba, Miguel"]
[Black "Polgar, Judit"]
[Result "1-0"]
[WhiteElo "2590"]
[BlackElo "2630"]
[Annotator "Dautov"]
[PlyCount "83"]
[EventDate "1994.12.01"]
[EventType "team-swiss"]
[EventRounds "14"]
[EventCountry "RUS"]
[Source "ChessBase"]
[SourceDate "1995.04.01"]
[WhiteTeam "Spain"]
[BlackTeam "Hungary"]
[WhiteTeamCountry "ESP"]
[BlackTeamCountry "HUN"]

1. Nf3 Nf6 2. c4 g6 3. g3 Bg7 4. Bg2 O-O 5. O-O d6 6. d4 Nc6 7. Nc3 e5 8. d5
Ne7 9. e4 Bg4 $6 10. Qb3 $1 {N} (10. h3 Bd7 11. c5 Ne8 12. cxd6 Nxd6 13. Re1 b5
14. Re2 Qc8 15. Kh2 b4 16. Na4 Bb5 17. Re1 c5 $13 {Baburin-Yurtaev/Kstovo op/
1994}) 10... Qc8 (10... b6 11. Ne1 Ne8 (11... Nd7 $2 12. f3 Nc5 13. Qc2 Bc8 14.
b4 Nd7 15. Nd3 $16) 12. Nd3 Bd7 (12... f5 $6 13. h3 Bh5 $2 (13... fxe4 14. Nxe4
Bd7 15. f4 $16) 14. f3 fxe4 15. Nxe4 $18) 13. f4 exf4 14. gxf4 $16 {[+]}) 11.
Ne1 Bh3 (11... Ne8 12. Nd3 f5 13. f4 $5 $14) 12. Nd3 (12. Bxh3 Qxh3 13. Qxb7 $4
Ng4 14. Nf3 f5 $19) 12... Bxg2 13. Kxg2 $14 b6 (13... Nd7 $5 14. Bg5 f6 15. Bd2
f5 16. f3 $14 {/\Qc2,b4}) 14. Qc2 Nh5 15. Bd2 f5 16. f3 a5 (16... f4 17. g4 Nf6
18. h3 $14 h5 $2 19. g5 Nh7 20. h4 $16) 17. a3 h6 18. b4 g5 19. Nf2 $1 (19.
exf5 Nxf5 20. Ne4 $6 (20. Nb5 $5) 20... Nd4 21. Qb2 g4 $36) 19... axb4 (19...
Nf6 $5 20. exf5 (20. Nb5 $14) 20... Nxf5 21. Nb5 $14) 20. axb4 Qd7 21. Rxa8 $5
Rxa8 22. Rb1 {/\Rb2-a2} Rf8 $2 (22... Nf6 $142 $14) 23. Ra1 $16 g4 24. fxg4
fxg4 25. Qd1 $1 Nf6 (25... Rf3 $2 26. Nxg4 $18) 26. Qa4 (26. Ra7 $16) 26... Qc8
27. c5 $1 bxc5 28. bxc5 Nd7 $2 (28... dxc5 29. Qc4 Kh7 30. Qxc5 $16) (28... h5
29. Nb5 dxc5 (29... Ne8 30. Qa8 Qd7 $2 31. c6 $18) (29... Qd7 30. c6 Qd8 31.
Qa7 Ne8 32. Bg5 $18) 30. Qc4 $16) 29. cxd6 cxd6 30. Nxg4 Nc5 31. Qd1 $18 Kh7 (
31... Nb3 32. Nxh6+ Bxh6 33. Bxh6 Nxa1 34. Bxf8 $18) 32. Ra7 Ng8 33. Qe2 Nb3
34. Ne3 Qb8 (34... Nd4 35. Qc4 $18 {>=}) 35. Nb5 Nxd2 36. Qg4 Qxa7 37. Nxa7 Nf6
38. Qf5+ Kh8 39. Qg6 Ndxe4 40. Nf5 Rg8 41. Nc8 Nxd5 (41... Bf8 42. Qf7) 42.
Ncxd6 1-0

[Event "Moscow ol (Men)"]
[Site "Moscow"]
[Date "1994.12.05"]
[Round "5.1"]
[White "Polgar, Judit"]
[Black "Gulko, Boris F"]
[Result "1-0"]
[WhiteElo "2630"]
[BlackElo "2590"]
[Annotator "Hecht"]
[PlyCount "121"]
[EventDate "1994.12.01"]
[EventType "team-swiss"]
[EventRounds "14"]
[EventCountry "RUS"]
[Source "ChessBase"]
[SourceDate "1995.04.01"]
[WhiteTeam "Hungary"]
[BlackTeam "US of America"]
[WhiteTeamCountry "HUN"]
[BlackTeamCountry "USA"]

1. e4 c6 2. d4 d5 3. Nc3 dxe4 4. Nxe4 Nd7 5. Bc4 Ngf6 6. Ng5 e6 7. Qe2 Nb6 8.
Bb3 h6 9. N5f3 a5 10. c3 c5 11. Bd2 a4 12. Bc2 Qc7 13. Rc1 Bd6 14. Ne5 Nbd5 15.
a3 b6 16. Ngf3 O-O 17. c4 Ne7 18. Be3 Bb7 19. O-O cxd4 20. Bxd4 Nc6 21. Bc3
Rfd8 22. Rfd1 Nxe5 23. Nxe5 Bc5 24. Kh1 Rxd1+ 25. Rxd1 Rd8 26. Rxd8+ Qxd8 27.
f3 Nh5 28. Qd3 Qh4 29. Qh7+ Kf8 30. Nd7+ Ke7 31. Nxc5 bxc5 32. Qd3 Bc6 33. Kg1
Qg5 34. Ba5 Bd7 35. Bc7 Qc1+ 36. Kf2 Qxb2 37. Bd6+ Ke8 38. Bxc5 Nf4 39. Qd2 e5
40. Bb4 Ne6 41. Bd1 Qxd2+ 42. Bxd2 Nc5 43. Ke3 $16 {White has two strong  B,
she can pin the Nc5 and she plays for fixing the weakness Pg7.} Ke7 44. Bb4 Kd6
45. f4 f6 46. h4 Bc6 47. g4 Bd7 (47... g5 $142 $5 48. hxg5 hxg5 49. fxg5 fxg5 {
Gewinn infolge B-Schwäche g5? - Analyse!}) 48. g5 hxg5 49. hxg5 Be8 50. g6 Kc6
51. f5 Bd7 52. Bc2 Kd6 53. Be4 Bc8 54. Kf3 Bd7 55. Kg4 Bc8 56. Bd5 Bd7 57. Bd2
Nd3 58. Bh6 Nf4 59. Bxg7 Nxd5 60. Bf8+ Ne7 61. c5+ 1-0

[Event "Moscow ol (Men)"]
[Site "Moscow"]
[Date "1994.12.08"]
[Round "7.1"]
[White "Polgar, Judit"]
[Black "Short, Nigel D"]
[Result "1/2-1/2"]
[WhiteElo "2630"]
[BlackElo "2655"]
[Annotator "Ernst"]
[PlyCount "90"]
[EventDate "1994.12.01"]
[EventType "team-swiss"]
[EventRounds "14"]
[EventCountry "RUS"]
[Source "ChessBase"]
[SourceDate "1995.04.01"]
[WhiteTeam "Hungary"]
[BlackTeam "England"]
[WhiteTeamCountry "HUN"]
[BlackTeamCountry "ENG"]

1. e4 e5 2. Nf3 Nc6 3. Bb5 Nf6 4. O-O Be7 5. Re1 d6 6. c3 O-O 7. d4 Bd7 {/\ 8..
Nxd4} 8. Qe2 $146 (8. d5) (8. Ba4) (8. Qb3) (8. Na3) (8. Nbd2 Nxd4 9. cxd4 Bxb5
10. Qb3 Ba6 11. dxe5 dxe5 12. Nxe5 $10) 8... Re8 9. d5 Nb8 10. Bxd7 Nbxd7 11.
c4 $14 c6 12. Nc3 a6 13. Be3 Ng4 14. Bd2 Ngf6 15. b4 Qc7 16. Rec1 Rec8 17. Be3
Ng4 18. dxc6 bxc6 19. Bd2 Ngf6 20. a4 Bd8 21. a5 Qb8 22. Rcb1 Ra7 23. h3 Qa8
24. Qd3 Be7 25. Bg5 h6 26. Be3 c5 27. b5 axb5 28. Rxb5 Rb8 29. Bd2 Ra6 30. Rab1
Rxa5 31. Rxb8+ Nxb8 32. Nd5 Ra7 33. Nxf6+ Bxf6 34. Qxd6 Nd7 35. Qd5 Qxd5 36.
cxd5 Kf8 37. Be3 Ke8 38. Nd2 Ra4 39. Kf1 Bg5 40. Bxg5 hxg5 41. Ke2 c4 42. Rc1
Nb6 43. Rb1 Nc8 44. f3 Nd6 45. Rb6 Kd7 1/2-1/2